| 000 | 00000nam##2200000za#4500 |
| 001 | 9.698236 |
| 003 | CaOODSP |
| 005 | 20250506145324 |
| 007 | cr ||||||||||| |
| 008 | 150407|1962||||xxc|||||o f|0| 0 eng|d |
| 040 | |aCaOODSP|beng |
| 043 | |an-cn--- |
| 086 | 1 |aA73-1144/1962E-PDF |
| 110 | 1 |aCanada.|bAgriculture Canada. |
| 245 | 10|aMaking jam commercially : |h[electronic resource]|bprinciples, methods, equipment, formulas / |c[by] A.W. Moyls, C.C. Strachan and F.E. Atkinson, Research Station, Summerland, B.C. |
| 260 | |aOttawa - Ontario : |bAgriculture Canada |cOctober 1962. |
| 300 | |a32p.|bfigs., references, photographs |
| 500 | |aHistorical publication digitized by Agriculture and Agri-Food Canada. |
| 590 | |a13-17-Supp|b2013-07-25 |
| 690 | 07|aFood|2gcpds |
| 690 | 07|aFood processing|2gcpds |
| 775 | 08|tFabrication commerciale des confitures : |w(CaOODSP)9.641655 |
| 856 | 40|ahttp://publications.gc.ca|qPDF|s2.68 MB|uhttps://publications.gc.ca/collections/collection_2013/aac-aafc/agrhist/A73-1144-1962-eng.pdf |
| 986 | |a1144 |